000 00684nam a2200205 a 4500
001 000030618
003 OSt
005 20201216104100.0
008 110525s2011 dr a 000 j spa d
020 _a9789945868869
040 _aDO-SdBNP
_bspa
_cBNPHU
082 _bC822
100 1 _aCoronaro, Carmen Dinorah
_957208
245 1 0 _aCuentos encantados /
_cCarmen Dinorah Coronaro ; ilustraciones Julio Granados.
260 _aSan Felipe de Puerto Plata, República Dominicana :
_bEdiciones Renovación,
_c2011.
300 _a99 p. :
_bil. ;
_c20 cm.
586 _aPremio de Literatura Infantil Delia Quesada, 2010
700 _aGranados, Julio,
_eil.
_977613
942 _2ddc
_cLBS1
999 _c30110
_d30110